000
00360nam a22001457a 4500
082
_a
891.439
_b
ASH
100
_a
Wahab Ashrafi
245
_a
Musnavi Seher-ul-Bayan
260
_c
2012
300
_a
135p.
563
_a
HB
880
_6
100-01\(3\r
_a
وہاب اشرفی
880
_6
245-02\(3\r
_a
مثنوی سحرُ البیان
942
_2
ddc
_c
BK
999
_c
614351
_d
614351